Czy znasz TOP 25 lig europejskich? - Statystyki

Ogólne statystyki
  • Ten quiz został rozwiązany 206 razy
  • Średni wynik to 4 z 25
Statystyki odpowiedzi
Miejsce Nazwa ligi % Poprawnych
1. Premier League
89%
4. Bundesliga
72%
2. La Liga Santander
63%
6. Eredivisie
21%
21. PKO Ekstraklasa
19%
8. Liga NOS
18%
3. Serie A TIM
16%
10. Süper Lig
14%
5. Ligue 1 Conforama
10%
7. Premier Liga
9%
20. Liga 1
4%
14. Super League
4%
9. Jupiler Pro League
3%
25. Eliteserien
2%
18. Fortuna Liga
2%
15. Scottish Premier League
2%
22. Allsvenskan
1%
16. HNL
1%
13. Österreichische Fußball-Bundesliga
1%
11. Premier Liha
1%
17. Superligaen
1%
19. Super liga Srbije
1%
24. efbet Liga
0%
23. Priemjer Ligasy
0%
12. Super League 1
0%
Nie znaleziono quizów pasujących do podanych kryteriów
Rozkład punktacji
Procent ludzi z każdym wynikiem
Percentyl według liczby udzielonych odpowiedzi
Twoja historia wyników
Nie rozwiązałeś tego quizu